Dějiny tělesné výchovy 2 Od roku 1848 do současnosti

Na minha lista:
Detalhes bibliográficos
Autor principal: Kössl, Jiří
Outros Autores: Krátký, František, Marek, Jaroslav
Formato: Livro
Idioma:tcheco
Publicado em: Praha Olympia 1986
Edição:1. vyd.
Tags: Adicionar Tag
Sem tags, seja o primeiro a adicionar uma tag!

MARC

LEADER 00000nam a2200000 4500
001 c032178
005 20221207074515.5
041 0 |a cze 
044 |a CZ 
245 1 0 |a Dějiny tělesné výchovy 2  |b Od roku 1848 do současnosti  |c Jiří Kössl, František Krátký, Jaroslav Marek 
250 |a 1. vyd. 
264 1 |a Praha  |b Olympia  |c 1986 
300 |a 263 s. 
100 1 |a Kössl, Jiří 
700 1 |a Krátký, František 
700 1 |a Marek, Jaroslav